01546cam a2200253 a 45000010009000000050017000090080041000260100017000670200029000840200027001130400018001400420008001580500022001660820015001881000028002032450084002312600034003153000027003494900046003765040066004225050752004886500037012406500015012771743391820170105102846.0120817s2013 nyu b 001 0 eng  a 2012033882 a9780415507905 (hardback) z9780203588918 (e-book) aDLCcDLCdDLC apcc00aKZ6368b.L54 201300a341.682231 aLieblich, Eliav,d1979-10aInternational law and civil wars :bintervention and consent /cEliav Lieblich. aNew York :bRoutledge,c2013. axvii, 286 p. ;c24 cm.0 aLaw, Conflict and International Relations aIncludes bibliographical references (p. [259]-277) and index.0 aThe dynamics of consensual intervention -- The concepts of intervention and internal armed conflict -- The modalities of forcible intervention -- Internal armed conflicts and consent in the war-prerogative era and effectiveness as a source of rights -- Intervention and consent in the inter-war period and the fragmentation of traditional doctines -- The preference of governments : from dichotomy to rebuttable presumption -- The scope of government consent power : general thresholds -- From effective control over territory to effective protection of civilians -- Consent power, democracy, human rights and self-determination -- Consent by opposition groups : between recognition and humanitarian intervention : between legality and legitimacy. 0aIntervention (International law) 0aCivil war.